<?xml version="1.0" encoding="UTF-8"?>
<record
    xmlns:xsi="http://www.w3.org/2001/XMLSchema-instance"
    xsi:schemaLocation="http://www.loc.gov/MARC21/slim http://www.loc.gov/standards/marcxml/schema/MARC21slim.xsd"
    xmlns="http://www.loc.gov/MARC21/slim">

  <leader>01839nam a2200265 a 4500</leader>
  <controlfield tag="001">000012516</controlfield>
  <controlfield tag="005">20240314123013.0</controlfield>
  <controlfield tag="008">150130s2008    dr ac         000 0 spa d</controlfield>
  <datafield tag="040" ind1=" " ind2=" ">
    <subfield code="a">DO-SdBNP</subfield>
    <subfield code="b">spa</subfield>
    <subfield code="c">BNPHU</subfield>
  </datafield>
  <datafield tag="082" ind1=" " ind2=" ">
    <subfield code="a">xxxx</subfield>
    <subfield code="b">xxxx</subfield>
  </datafield>
  <datafield tag="245" ind1="0" ind2="0">
    <subfield code="a">Matem&#xE1;tica :</subfield>
    <subfield code="b">gu&#xED;as para el aprendizaje, educaci&#xF3;n b&#xE1;sica /</subfield>
    <subfield code="c">Margarita Luciano...[et al.].</subfield>
  </datafield>
  <datafield tag="260" ind1=" " ind2=" ">
    <subfield code="a">Santo Domingo :</subfield>
    <subfield code="b">Secretar&#xED;a de Estado de Educaci&#xF3;n,</subfield>
    <subfield code="c">2008</subfield>
    <subfield code="f">Alfa &amp; Omega</subfield>
  </datafield>
  <datafield tag="300" ind1=" " ind2=" ">
    <subfield code="a">8 v. :</subfield>
    <subfield code="b">il., retrs. ;</subfield>
    <subfield code="c">28 cm.</subfield>
  </datafield>
  <datafield tag="490" ind1="1" ind2=" ">
    <subfield code="a">Escuela multigrado innovada</subfield>
  </datafield>
  <datafield tag="500" ind1=" " ind2=" ">
    <subfield code="a">educaci&#xF3;n b&#xE1;sica.</subfield>
  </datafield>
  <datafield tag="500" ind1=" " ind2=" ">
    <subfield code="a">Propiedad de la Secretaria de Estado de Educaci&#xF3;n. Prohibida su venta.</subfield>
  </datafield>
  <datafield tag="500" ind1=" " ind2=" ">
    <subfield code="a">La biblioteca solamente posee los volumenes 5 y 6.</subfield>
  </datafield>
  <datafield tag="505" ind1="1" ind2=" ">
    <subfield code="a">v. 1 :</subfield>
    <subfield code="g">unidad 1 --</subfield>
    <subfield code="t">Leemos, escribimos y operamos con n&#xFA;meros naturales --</subfield>
    <subfield code="g">unidad 2 --</subfield>
    <subfield code="t">Realizamos otras operaciones con n&#xFA;meros naturales --</subfield>
    <subfield code="g">unidad 3 --</subfield>
    <subfield code="t">Comparamos, ordenamos y operamos n&#xFA;meros fraccionarios --</subfield>
    <subfield code="g">unidad 4 --</subfield>
    <subfield code="t">Conocemos y aplicamos los n&#xFA;meros decimales --</subfield>
    <subfield code="g">unidad 5 --</subfield>
    <subfield code="t">Razones, proporciones y porcentajes --</subfield>
    <subfield code="g">unidad 6 --</subfield>
    <subfield code="t">Identificamos la geometr&#xED;a en la vida --</subfield>
    <subfield code="g">unidad 7 --</subfield>
    <subfield code="t">Mediciones --</subfield>
    <subfield code="g">unidad 8 --</subfield>
    <subfield code="t">Organizamos y analizamos datos --</subfield>
  </datafield>
  <datafield tag="505" ind1="1" ind2=" ">
    <subfield code="a">v. 6 :</subfield>
    <subfield code="g">unidad 1 --</subfield>
    <subfield code="t">Exploramos los n&#xFA;meros y operamos con ellos --</subfield>
    <subfield code="g">unidad 2 --</subfield>
    <subfield code="t">Realizamos operaciones con las fracciones --</subfield>
    <subfield code="g">unidad 3 --</subfield>
    <subfield code="t">Resolvemos problemas con n&#xFA;meros decimales --</subfield>
    <subfield code="g">unidad 4 --</subfield>
    <subfield code="t">Construimos y exploramos pol&#xED;gonos regulares e irregulares --</subfield>
    <subfield code="g">unidad 5 --</subfield>
    <subfield code="t">Paso a paso: de la pulgada al pie llegamos a la yarda --</subfield>
    <subfield code="g">unidad 6 --</subfield>
    <subfield code="t">Utilizamos tablas y gr&#xE1;ficas para resolver problemas --</subfield>
  </datafield>
  <datafield tag="700" ind1=" " ind2=" ">
    <subfield code="a">Luciano, Margarita</subfield>
    <subfield code="9">29227</subfield>
  </datafield>
  <datafield tag="700" ind1="1" ind2=" ">
    <subfield code="a">Mart&#xED;n, &#xC1;ngela</subfield>
    <subfield code="9">29228</subfield>
  </datafield>
  <datafield tag="700" ind1="1" ind2=" ">
    <subfield code="a">S&#xE1;nchez Gonz&#xE1;lez, Daisy</subfield>
    <subfield code="9">29229</subfield>
  </datafield>
  <datafield tag="700" ind1="1" ind2=" ">
    <subfield code="a">Uribe, Leonidas Rafael</subfield>
    <subfield code="9">29230</subfield>
  </datafield>
  <datafield tag="830" ind1=" " ind2="0">
    <subfield code="a">Escuela multigrado innovada</subfield>
    <subfield code="9">29231</subfield>
  </datafield>
  <datafield tag="952" ind1=" " ind2=" ">
    <subfield code="0">0</subfield>
    <subfield code="1">0</subfield>
    <subfield code="7">1</subfield>
    <subfield code="8">PD</subfield>
    <subfield code="a">PD</subfield>
    <subfield code="b">PD</subfield>
    <subfield code="c">HD</subfield>
    <subfield code="d">2009-11-13</subfield>
    <subfield code="i">LF1</subfield>
    <subfield code="l">0</subfield>
    <subfield code="o">xxxx xxxx</subfield>
    <subfield code="p">12516-10</subfield>
    <subfield code="r">2020-06-25</subfield>
    <subfield code="w">2020-06-25</subfield>
    <subfield code="y">LFPD</subfield>
    <subfield code="Z">No se presta</subfield>
  </datafield>
  <datafield tag="952" ind1=" " ind2=" ">
    <subfield code="0">0</subfield>
    <subfield code="1">0</subfield>
    <subfield code="7">1</subfield>
    <subfield code="8">PD</subfield>
    <subfield code="a">PD</subfield>
    <subfield code="b">PD</subfield>
    <subfield code="c">HD</subfield>
    <subfield code="d">2009-11-13</subfield>
    <subfield code="i">LF1</subfield>
    <subfield code="l">0</subfield>
    <subfield code="o">xxxx xxxx</subfield>
    <subfield code="p">12516-20</subfield>
    <subfield code="r">2020-06-25</subfield>
    <subfield code="w">2020-06-25</subfield>
    <subfield code="y">LFPD</subfield>
    <subfield code="Z">No se presta</subfield>
  </datafield>
  <datafield tag="999" ind1=" " ind2=" ">
    <subfield code="c">12171</subfield>
    <subfield code="d">12171</subfield>
  </datafield>
</record>
